Tilastot visalle Kanadaa lähimpänä olevat valtiot

Klikkaa tästä pelataksesi tätä visaa!

Yleistilastot

  • Tätä visaa on pelattu 1 020 kertaa
  • Keskiarvotulos 14 / 20

Vastaustilastot

KilometritValtioMailit% Oikein
0Yhdysvallat0
100%
1809Meksiko1124
97%
1238Venäjä769
90%
26Tanska (Grönlanti)16
89%
2065Kuuba1283
80%
1638Islanti1018
77%
2200Norja1367
71%
2582Haiti1604
70%
2625Jamaika1631
69%
2352Ruotsi1461
68%
2342Suomi1455
68%
1657Bahama1030
66%
8Ranska (St Pierre and Miquelon)5
63%
2644Dominikaaninen tasavalta1643
61%
2823Honduras1754
61%
2733Guatemala1698
59%
2642Belize1642
57%
1232Yhdistynyt kuningaskunta
(Bermuda)
765
56%
1928Portugali (Azorit)1198
38%
2832Alankomaat (Sint Maarten)1760
36%

Tulosjakauma

Persentiili vastausten määrän mukaan

Jokaisen tuloksen saaneiden osuus

Tuloshistoriasi

Et ole pelannut tätä visaa